00000000nam 2200000zi 4500
0019.947094
003CaOODSP
00520250120091646
006m     o  d f      
007cr bn|||||||||
008250120t20102010onc     oz   f000 0 eng d
020 |a9780660651934 |q(print)
040 |aCaOODSP|beng|erda|cCaOODSP
0410 |aeng|afre
043 |an-cn---|af-go---
0861 |aFR4-2008/5-PDF|zFR4-2008/5
1300 |aConvention between the Government of Canada and the Government of the Gabonese Republic for the Avoidance of Double Taxation and the Prevention of Fiscal Evasion with respect to Taxes on Income and on Capital |d(2002 November 14)
24510|aTaxation - Convention between the Government of Canada and the Government of the Gabonese Republic for the Avoidance of Double Taxation and the Prevention of Fiscal Evasion with respect to Taxes on Income and on Capital = |bImposition - Convention entre le gouvernement du Canada et le gouvernement de la République gabonaise en vue d'éviter les doubles impositions et de prévenir l'évasion fiscale en matière d'impôts sur le revenue et sur la fortune.
24611|aImposition - Convention entre le gouvernement du Canada et le gouvernement de la République gabonaise en vue d'éviter les doubles impositions et de prévenir l'évasion fiscale en matière d'impôts sur le revenue et sur la fortune
264 1|a[Ottawa] : |b[Foreign Affairs and International Trade Canada], |c[2010]
264 4|c©2010
300 |a1 online resource (59 pages).
336 |atext|btxt|2rdacontent
337 |acomputer|bc|2rdamedia
338 |aonline resource|bcr|2rdacarrier
4901 |aTreaty series = |aRecueil des traités ; |v2008/5
500 |a"Libreville, 14 November 2002. In force 22 December 2008."
500 |aDigitized edition from print [produced by Government of Canada Publications Directorate].
546 |aText in English and French.
650 0|aDouble taxation|zCanada|vTreaties.
650 0|aDouble taxation|zGabon|vTreaties.
650 0|aTax evasion|xLaw and legislation|zCanada.
650 0|aTax evasion|xLaw and legislation|zGabon.
651 0|aCanada|xForeign relations|vTreaties.
651 0|aGabon|xForeign relations|vTreaties.
655 7|aTreaties|2lcgft
7101 |aCanada. |bForeign Affairs and International Trade Canada, |eissuing body.
7101 |aCanada, |eparticipant in treaty.
7101 |aGabon, |eparticipant in treaty.
7760#|tTaxation : |w(CaOODSP)9.550560
788 |tTaxation - Convention between the Government of Canada and the Government of the Gabonese Republic for the Avoidance of Double Taxation and the Prevention of Fiscal Evasion with respect to Taxes on Income and on Capital = |efre|w(CaOODSP)9.947095
830#0|aCanada treaty series ;|v2008/5.|w(CaOODSP)9.500661
85640|qPDF|s2.51 MB|uhttps://publications.gc.ca/collections/collection_2025/amc-gac/FR4-2008-5.pdf